Statistics for S Vocabulary Words Quiz #2

Click here to take the quiz!

General Stats

  • This quiz has been taken 27,294 times
  • The average score is 12 of 22

Answer Stats

Definition Word % Correct
Cylindrical grain-storage buildingSilo
80%
Sharp knife or high-heeled shoeStiletto
76%
It's like a metaphorSimile
76%
Tropical grasslandSavanna
75%
Faster than the speed of soundSupersonic
75%
Old West tavernSaloon
75%
Longest or shortest day of the yearSolstice
73%
Physical comedySlapstick
65%
Extended leave taken by college professorsSabbatical
57%
BreastboneSternum
57%
Stage monologueSoliloquy
49%
Place where lumber is cut into boardsSawmill
48%
DetectiveSleuth
48%
Military blockade of a citySiege
47%
Ruler of the Ottoman EmpireSultan
46%
Fourteen line poem with iambic pentameterSonnet
44%
Pertaining to apesSimian
39%
Crucifixion wounds like those of JesusStigmata
35%
Slang for cigarStogie
29%
Heir; descendentScion
28%
SleepwalkingSomnambulism
26%
Having a dark or weathered complexionSwarthy
21%

Score Distribution

Percentile by Number Answered

Percent of People with Each Score

Your Score History

You have not taken this quiz